Suki Waterhouse - Good Looking lyrics - Statistics

General Stats
  • This quiz has been taken 72 times
  • The average score is 157 of 206
Answer Stats
Hint Answer % Correct
good
98%
the
98%
Chorus The
98%
to
98%
you
98%
You
98%
a
95%
I
95%
looking
95%
My
95%
my
95%
all
93%
an
93%
as
93%
boy
93%
Oh,
90%
try
90%
falls
88%
I'm
88%
make
88%
it
85%
of
85%
sense
85%
your
85%
skyline
83%
me
78%
but
75%
we're
75%
think
73%
adored
70%
and
70%
more
70%
no,
70%
out
70%
same
70%
who
70%
anyone,
68%
anyone
68%
are
68%
Baby,
68%
before
68%
secrets,
68%
there's
68%
not
65%
Yet
65%
Bridge You're
65%
am
63%
at
63%
in
63%
thought
63%
turns
63%
on
60%
uncovered
58%
I'd
55%
Fever
53%
Just
53%
days
50%
days,
50%
haze
50%
high
50%
shock
50%
these
50%
vibrates
50%
opium
48%
wave
48%
for
43%
impress
40%
octane
40%
stop
40%
Verse 1 Tides
38%
up
38%
breath
35%
casino
35%
inside
35%
core
33%
eyeballs
33%
dice
30%
sped
30%
Roll
28%
thighs
28%
thrash
25%
Verse 2 Play
20%
halls
13%
No matching quizzes found
Score Distribution
Percent of People with Each Score
Percentile by Number Answered
Your Score History
You have not taken this quiz